[Event "PRO League Group Stage"]
[Site "chess.com INT"]
[Date "2018.01.18"]
[Round "1"]
[White "Lalith, Babu M R"]
[Black "Puranik, Abhimanyu"]
[Result "0-1"]
[WhiteTitle "GM"]
[BlackTitle "GM"]
[WhiteElo "2542"]
[BlackElo "2520"]
[WhiteTeam "Delhi Dynamite"]
[BlackTeam "Mumbai Movers"]
[WhiteFideId "5024595"]
[BlackFideId "5061245"]
[EventDate "2018.01.18"]

1. c4 Nf6 2. g3 g6 3. Bg2 c5 4. Nc3 Nc6 5. Nf3 Bg7 6. d4 cxd4 7. Nxd4 O-O 8. O-O
Qa5 9. Nb3 Qh5 10. c5 d6 11. cxd6 Rd8 12. e4 Qxd1 13. Rxd1 Rxd6 14. Nd5 Nxd5 15.
exd5 Ne5 16. Bf4 Bf5 17. Nd4 Bg4 18. f3 Bd7 19. Ne2 Rb6 20. b3 Bb5 21. Nd4 Rd8
22. Bxe5 Bxe5 23. f4 Bf6 24. Rac1 Be8 25. Ne2 Ra6 26. Rc2 e6 27. Rdd2 Rad6 28.
Rc7 exd5 29. Rxb7 d4 30. Rc7 d3 31. Nc3 Bd4+ 32. Kf1 Bb6 33. Rc4 f5 34. Na4 Be3
35. Rd1 Bb5 36. Rb4 Ba6 37. Bb7 Bxb7 38. Rxb7 Rc6 39. Nb2 Rc2 40. Rxd3 Rf2+ 41.
Ke1 Rxd3 42. Nxd3 Rxa2 43. h4 Rg2 44. Rb8+ Kg7 45. Rb7+ Kh6 46. Re7 Rxg3 47. Ke2
Bb6 48. b4 Rg4 49. Kf3 Rxh4 50. Ne5 Rh3+ 51. Kg2 Re3 52. Rd7 Re4 53. Kg3 Rxb4
54. Re7 Rb3+ 55. Kg2 a5 56. Nd7 Bd8 57. Re8 Bh4 58. Ra8 Rg3+ 59. Kh2 Rg4 60.
Rxa5 Rxf4 61. Ne5 Re4 62. Kh3 Kh5 63. Nf3 Re3 64. Kg2 h6 65. Ra4 Re4 66. Ra5 Kg4
67. Ne5+ Kh5 68. Nf3 Rg4+ 69. Kh2 Bg3+ 70. Kh3 Bf4 0-1

[Event "PRO League Group Stage"]
[Site "chess.com INT"]
[Date "2018.01.18"]
[Round "1"]
[White "Lalith, Babu M R"]
[Black "Raja, Harshit"]
[Result "1-0"]
[WhiteTitle "GM"]
[BlackTitle "IM"]
[WhiteElo "2542"]
[BlackElo "2427"]
[WhiteTeam "Delhi Dynamite"]
[BlackTeam "Mumbai Movers"]
[WhiteFideId "5024595"]
[BlackFideId "5089000"]
[EventDate "2018.01.18"]

1. c4 c5 2. Nf3 g6 3. d4 cxd4 4. Nxd4 Nc6 5. e4 Bg7 6. Be3 Nf6 7. Nc3 d6 8. Be2
O-O 9. O-O Nxd4 10. Bxd4 Be6 11. Qd2 Nd7 12. Be3 a5 13. Nd5 a4 14. Rab1 Nc5 15.
f3 f5 16. exf5 Bxf5 17. Rbd1 a3 18. b4 Na4 19. Bg5 Rf7 20. Qe3 Qd7 21. g4 Be6
22. Nf4 h6 23. Nxe6 hxg5 24. Nxg5 Bh6 25. h4 Nb2 26. Rd2 Qc7 27. Rc2 d5 28. Kg2
Nxc4 29. Bxc4 dxc4 30. Qe6 Bxg5 31. Qxg6+ Rg7 32. Qe6+ Kf8 33. hxg5 Rh7 34. f4
Ra6 35. Qf5+ Rf7 36. Qe4 Qc6 37. Rxc4 Qd7 38. f5 Qd2+ 39. Rf2 Qxg5 40. Qxb7 Rh6
41. Qb8+ Kg7 42. Qg3 e6 43. Rc7 Rf6 44. Rxf7+ Rxf7 45. Qe5+ Kg8 46. Kg3 exf5 47.
Qe8+ Kg7 48. Qxf7+ 1-0

[Event "PRO League Group Stage"]
[Site "chess.com INT"]
[Date "2018.01.18"]
[Round "1"]
[White "Bartholomew, John"]
[Black "Swiercz, Dariusz"]
[Result "0-1"]
[WhiteTitle "IM"]
[BlackTitle "GM"]
[WhiteElo "2459"]
[BlackElo "2649"]
[WhiteTeam "Minnesota Blizzard"]
[BlackTeam "Saint Louis Arch Bishops"]
[WhiteFideId "2019353"]
[BlackFideId "1126881"]
[EventDate "2018.01.18"]

1. d4 Nf6 2. c4 e6 3. Nf3 Bb4+ 4. Bd2 a5 5. a3 Bxd2+ 6. Qxd2 O-O 7. Nc3 d5 8. e3
Nbd7 9. cxd5 exd5 10. Bd3 Re8 11. Qc2 c6 12. O-O Qe7 13. Rab1 Ne4 14. b4 axb4
15. axb4 Ndf6 16. b5 c5 17. dxc5 Nxc5 18. Rfc1 b6 19. Nd4 Qd6 20. h3 g6 21. Be2
Bd7 22. Ra1 Rac8 23. Qb2 h5 24. Rd1 Re7 25. Bf3 Re5 26. Rab1 g5 27. Nc6 Bxc6 28.
bxc6 g4 29. hxg4 hxg4 30. Be2 Rxc6 31. Rd4 Ne6 32. Rdd1 g3 33. Bf3 gxf2+ 34.
Kxf2 Ng5 35. Nb5 Qe7 36. Nd4 Nfe4+ 37. Ke2 Nc3+ 38. Kd2 Nge4+ 39. Bxe4 Nxe4+ 40.
Ke2 Nc3+ 41. Kd2 Nxb1+ 42. Qxb1 Rg6 43. Rg1 Rxe3 44. Qf5 Qe4 45. Qc8+ Qe8 46.
Qf5 Re4 47. Kd3 Re5 48. Qf4 Re4 49. Qf5 Rg3+ 50. Nf3 Qb5+ 51. Kd2 Qb2+ 52. Kd3
Qb3+ 53. Kd2 Qe3+ 54. Kc2 Rc4+ 55. Kb2 Qc3+ 56. Ka2 Ra4+ 57. Kb1 Ra1# 0-1

[Event "PRO League Group Stage"]
[Site "chess.com INT"]
[Date "2018.01.18"]
[Round "1"]
[White "Bartholomew, John"]
[Black "Shepherd, Duncan"]
[Result "1-0"]
[WhiteTitle "IM"]
[WhiteElo "2459"]
[BlackElo "1986"]
[WhiteTeam "Minnesota Blizzard"]
[BlackTeam "Saint Louis Arch Bishops"]
[WhiteFideId "2019353"]
[BlackFideId "2080311"]
[EventDate "2018.01.18"]

1. d4 d5 2. c4 c6 3. Nf3 Nf6 4. g3 Bf5 5. Nc3 e6 6. Nh4 Be4 7. f3 Bg6 8. Qb3 Qb6
9. Nxg6 hxg6 10. c5 Qxb3 11. axb3 Na6 12. Ra4 e5 13. dxe5 Nd7 14. b4 Nxe5 15. e4
Nxf3+ 16. Kf2 dxe4 17. h4 f5 18. Bxa6 bxa6 19. Rxa6 Ne5 20. Rd1 Be7 21. Bf4 Nd3+
22. Rxd3 exd3 23. Rxc6 g5 24. hxg5 Rh2+ 25. Ke1 Rxb2 26. Rc7 Rc2 27. Nd5 Bd8 28.
Rxg7 Re2+ 29. Kd1 Be7 30. Nxe7 1-0

[Event "PRO League Group Stage"]
[Site "chess.com INT"]
[Date "2018.01.18"]
[Round "1"]
[White "Vazquez, Guillermo"]
[Black "Izoria, Zviad"]
[Result "0-1"]
[WhiteTitle "IM"]
[BlackTitle "GM"]
[WhiteElo "2436"]
[BlackElo "2599"]
[WhiteTeam "Rio Grande Ospreys"]
[BlackTeam "San Jose Hackers"]
[WhiteFideId "3702308"]
[BlackFideId "13601733"]
[EventDate "2018.01.18"]

1. d4 e6 2. c4 c5 3. d5 exd5 4. cxd5 d6 5. Nc3 g6 6. e4 Bg7 7. Nf3 a6 8. a4 Bg4
9. Be2 Bxf3 10. Bxf3 Nd7 11. O-O h5 12. Be2 Nh6 13. h3 Qh4 14. Be3 Ng4 15. Bxg4
hxg4 16. Qxg4 Qxg4 17. hxg4 Ne5 18. Bf4 Kd7 19. Bxe5 Bxe5 20. g3 b5 21. axb5
axb5 22. Nxb5 Bxb2 23. Rab1 Ra2 24. Na7 c4 25. Nc6 c3 26. Rbe1 Ba3 27. Kg2 c2
28. e5 Re8 29. g5 dxe5 30. Kf3 Kd6 31. Ke4 c1=Q 32. Rxc1 Bxc1 33. Rxc1 Ra4+ 34.
Kf3 Kxd5 0-1

[Event "PRO League Group Stage"]
[Site "chess.com INT"]
[Date "2018.01.18"]
[Round "1"]
[White "Vazquez, Guillermo"]
[Black "Ke, Ivan"]
[Result "1/2-1/2"]
[WhiteTitle "IM"]
[WhiteElo "2436"]
[BlackElo "2207"]
[WhiteTeam "Rio Grande Ospreys"]
[BlackTeam "San Jose Hackers"]
[WhiteFideId "3702308"]
[BlackFideId "30914477"]
[EventDate "2018.01.18"]

1. d4 d5 2. c4 e6 3. Nc3 Be7 4. cxd5 exd5 5. Bf4 c6 6. Qc2 Nf6 7. h3 Nbd7 8. e3
O-O 9. Nf3 Re8 10. Bd3 Nf8 11. O-O Ne6 12. Bh2 g6 13. Ne5 Nd7 14. f4 Nxe5 15.
fxe5 c5 16. Qf2 Rf8 17. Rad1 Ng7 18. dxc5 Bxc5 19. Bc4 Nf5 20. Nxd5 Qxd5 21.
Bxd5 Bxe3 22. g4 Bxf2+ 23. Kxf2 Ne7 24. Be4 Be6 25. b3 Rac8 26. Bf4 b6 27. Bg5
Rfe8 28. Bf6 Rc5 29. Rd6 Nd5 30. Kg3 Nxf6 31. exf6 Re5 32. Bc6 Rf8 33. Rfd1 h5
34. Kf4 Rc5 35. Rd8 Rxd8 36. Rxd8+ Kh7 37. Be4 Ra5 38. Bb1 Rb5 39. Ra8 a5 40.
Be4 hxg4 41. hxg4 Rb4 42. Ra7 Kg8 43. Ra8+ Kh7 44. Ra7 Kg8 45. Ra8+ Kh7 46. Ra7
Kg8 47. Ra8+ Kh7 48. Ra7 1/2-1/2

[Event "PRO League Group Stage"]
[Site "chess.com INT"]
[Date "2018.01.18"]
[Round "1"]
[White "Perez Ponsa, Federico"]
[Black "Shetty, Atulya"]
[Result "1-0"]
[WhiteTitle "GM"]
[BlackTitle "IM"]
[WhiteElo "2553"]
[BlackElo "2389"]
[WhiteTeam "Buenos Aires Krakens"]
[BlackTeam "Pittsburgh Pawngrabbers"]
[WhiteFideId "117927"]
[BlackFideId "2031213"]
[EventDate "2018.01.18"]

1. e4 e6 2. d4 d5 3. e5 c5 4. c3 Qb6 5. Nf3 Nc6 6. Na3 Bd7 7. Nc2 Nge7 8. Bd3
cxd4 9. cxd4 Ng6 10. h4 Nb4 11. Nxb4 Bxb4+ 12. Kf1 Bb5 13. h5 Ne7 14. h6 gxh6
15. a3 Qa6 16. Bxb5+ Qxb5+ 17. Qe2 Qxe2+ 18. Kxe2 Ba5 19. Bxh6 Rc8 20. Kd3 Bb6
21. Bg5 Rg8 22. Bxe7 Kxe7 23. g3 Rh8 24. Rh6 Rc4 25. Rah1 Rhc8 26. Rf6 Rh8 27.
Rh4 Rc1 28. Rhf4 Rf8 29. Kd2 Rc4 30. Kd3 Rc1 31. Ng5 Rd1+ 32. Ke2 Rb1 33. Nxe6
Rxb2+ 34. Kf1 Rg8 35. Rxf7+ Ke8 36. Ng7+ Kd8 37. e6 1-0

[Event "PRO League Group Stage"]
[Site "chess.com INT"]
[Date "2018.01.18"]
[Round "1"]
[White "Meier, Georg"]
[Black "Tan, Justin2"]
[Result "1-0"]
[WhiteTitle "GM"]
[BlackTitle "IM"]
[WhiteElo "2647"]
[BlackElo "2466"]
[WhiteTeam "Stockholm Snowballs"]
[BlackTeam "London Lions"]
[WhiteFideId "4675789"]
[BlackFideId "3206882"]
[EventDate "2018.01.18"]

1. Nf3 d5 2. g3 c6 3. Bg2 Bg4 4. c4 e6 5. O-O Nf6 6. d3 dxc4 7. dxc4 Qxd1 8.
Rxd1 Nbd7 9. b3 Bc5 10. Nc3 O-O-O 11. Ng5 Ne5 12. Bf4 Rxd1+ 13. Rxd1 Nfd7 14. h3
Bh5 15. g4 Bg6 16. Nce4 Be7 17. Nd6+ Bxd6 18. Rxd6 h5 19. Nf3 Nxf3+ 20. Bxf3 e5
21. Be3 Kc7 22. Rd2 f6 23. Bg2 hxg4 24. hxg4 Bf7 25. Be4 g6 26. f3 Rg8 27. Kf2
Be6 28. Rd1 f5 29. gxf5 gxf5 30. Bc2 f4 31. Bd2 Rh8 32. Rg1 Rh2+ 33. Ke1 Bh3 34.
Bc3 Bg2 35. Bf5 Bh3 36. Bxd7 Kxd7 37. Bxe5 Bf5 38. Bxf4 Rh4 39. Bg3 Rd4 40. e4
Be6 41. Ke2 Ke7 42. Bf2 1-0

[Event "PRO League Group Stage"]
[Site "chess.com INT"]
[Date "2018.01.18"]
[Round "1"]
[White "Meier, Georg"]
[Black "Fernandez, Daniel Howard"]
[Result "1-0"]
[WhiteTitle "GM"]
[BlackTitle "GM"]
[WhiteElo "2647"]
[BlackElo "2496"]
[WhiteTeam "Stockholm Snowballs"]
[BlackTeam "London Lions"]
[WhiteFideId "4675789"]
[BlackFideId "5801605"]
[EventDate "2018.01.18"]

1. Nf3 c5 2. c3 Nf6 3. d4 b6 4. Bg5 e6 5. Nbd2 Be7 6. e4 Bb7 7. Bd3 O-O 8. O-O
d6 9. Re1 Nbd7 10. Qe2 h6 11. Bf4 a6 12. Rad1 Qc7 13. h3 e5 14. Bh2 Rfe8 15. a4
Bf8 16. d5 g6 17. b4 Nh5 18. b5 a5 19. Nc4 Nf4 20. Qd2 Nxd3 21. Qxd3 Nf6 22. g4
Rad8 23. Nfd2 Bc8 24. f4 exf4 25. Bxf4 Nd7 26. Qg3 Ne5 27. Bxe5 dxe5 28. Nf3 f6
29. h4 Bd6 30. h5 Qd7 31. hxg6 Qxg4 32. Qxg4 Bxg4 33. Nh4 Bf8 34. Kf2 h5 35. Nf5
Rd7 36. Nxb6 Rg7 37. Nxg7 Kxg7 38. Nc4 Bxd1 39. Rxd1 Kxg6 40. b6 Rb8 41. Rb1 h4
42. Nxa5 Bd6 43. Nc4 1-0

[Event "PRO League Group Stage"]
[Site "chess.com INT"]
[Date "2018.01.18"]
[Round "1"]
[White "Khachiyan, Melikset"]
[Black "Ni, Hua"]
[Result "1-0"]
[WhiteTitle "GM"]
[BlackTitle "GM"]
[WhiteElo "2522"]
[BlackElo "2670"]
[WhiteTeam "Las Vegas Desert Rats"]
[BlackTeam "Chengdu Pandas"]
[WhiteFideId "13300512"]
[BlackFideId "8601160"]
[EventDate "2018.01.18"]

1. e4 e5 2. Bc4 Nf6 3. d3 c6 4. Ne2 d5 5. exd5 cxd5 6. Bb3 Be7 7. O-O O-O 8. Bg5
h6 9. Bxf6 Bxf6 10. Nbc3 Be6 11. f4 exf4 12. Nxf4 Bxc3 13. bxc3 Nc6 14. Qf3 Ne7
15. Rae1 Qb6+ 16. Qf2 Qd6 17. Qe2 Rac8 18. Nxe6 fxe6 19. Qxe6+ Qxe6 20. Rxe6
Rxf1+ 21. Kxf1 Kf7 22. Rd6 Ke8 23. c4 dxc4 24. Bxc4 Rc5 25. Ke2 Nf5 26. Rd5 b6
27. Rxc5 bxc5 28. c3 Ke7 29. Kf3 Nd6 30. Ba6 Kf6 31. g4 Ke5 32. Ke3 Kd5 33. h4
g5 34. h5 Ke5 35. d4+ cxd4+ 36. cxd4+ Kd5 37. Be2 Kc6 38. Kd3 Kb5 39. Kc3+ Kb6
40. Bd3 Kc6 41. a4 a5 42. Bb1 Kb6 43. Kd3 Kc6 44. Ba2 Kb6 45. Bd5 Kc7 46. Bg2
Kb6 47. Bf3 Kc7 48. d5 Nb7 49. Ke4 Nc5+ 50. Ke5 Nxa4 51. d6+ Kd7 52. Bd5 Nc5 53.
Bc4 a4 54. Kd5 Nb3 55. Bb5+ Kd8 56. Bxa4 Nd2 57. Bc2 Nf1 58. Bf5 Ne3+ 59. Ke6
Nc4 60. Bd3 Ne3 61. Be2 Ke8 62. Kf6 Nd5+ 63. Kg7 Nc3 64. Bf3 Kd7 65. Kxh6 Kxd6
66. Kg7 1-0

[Event "PRO League Group Stage"]
[Site "chess.com INT"]
[Date "2018.01.18"]
[Round "1"]
[White "Khachiyan, Melikset"]
[Black "Chu, Ruotong"]
[Result "1/2-1/2"]
[WhiteTitle "GM"]
[WhiteElo "2522"]
[BlackElo "2267"]
[WhiteTeam "Las Vegas Desert Rats"]
[BlackTeam "Chengdu Pandas"]
[WhiteFideId "13300512"]
[BlackFideId "8605653"]
[EventDate "2018.01.18"]

1. e4 e5 2. Nf3 Nf6 3. Nxe5 d6 4. Nf3 Nxe4 5. d4 d5 6. Bd3 Nc6 7. O-O Be7 8. c4
Nf6 9. Nc3 O-O 10. a3 Bg4 11. Be3 Re8 12. h3 Bh5 13. c5 Bf8 14. Rc1 Ne7 15. g4
Bg6 16. Ne5 Bxd3 17. Qxd3 Nd7 18. f4 f6 19. Nf3 f5 20. gxf5 Nf6 21. Bf2 Qd7 22.
Nh4 b6 23. Rfe1 bxc5 24. dxc5 Nc6 25. b4 d4 26. Ne2 Rad8 27. b5 Na5 28. Nxd4
Rxe1+ 29. Bxe1 Qxd4+ 30. Qxd4 Rxd4 31. Bxa5 Nd5 32. Nf3 Rxf4 33. Ne5 Ra4 34. Bd2
Rxa3 35. Nd7 Rb3 36. Re1 Kf7 37. Ne5+ Kg8 38. Nd7 Nf6 39. Nxf8 Kxf8 40. Bg5 Rxb5
41. Bxf6 gxf6 42. Re6 Rxc5 43. Rxf6+ Kg7 44. Ra6 Rxf5 45. Rxa7 Rf7 46. Ra8 Rf8
47. Ra7 Rc8 48. Kf2 Kg6 49. Ke3 Kg5 50. Kd4 c5+ 51. Kc4 h5 52. Ra3 Kf4 53. Rd3
h4 54. Ra3 Rg8 55. Kxc5 Rg3 56. Ra4+ Kg5 57. Kd5 Rxh3 58. Ke4 Rg3 59. Ra8 Kg4
60. Rh8 Rb3 61. Rg8+ Kh3 62. Kf4 Rg3 63. Rh8 Rb3 64. Rh7 1/2-1/2

[Event "PRO League Group Stage"]
[Site "chess.com INT"]
[Date "2018.01.18"]
[Round "1"]
[White "Borisek, Jure"]
[Black "Ghasi, Ameet K"]
[Result "1-0"]
[WhiteTitle "GM"]
[BlackTitle "IM"]
[WhiteElo "2576"]
[BlackElo "2475"]
[WhiteTeam "Ljubljana Turtles"]
[BlackTeam "London Towers"]
[WhiteFideId "14603152"]
[BlackFideId "409200"]
[EventDate "2018.01.18"]

1. e4 c6 2. d4 d5 3. e5 Bf5 4. Nf3 e6 5. Be2 h5 6. O-O Nd7 7. Nbd2 g5 8. Nb3 Bh6
9. Ne1 g4 10. Bd3 Ne7 11. a4 Rc8 12. a5 a6 13. Bxh6 Rxh6 14. Qd2 Rg6 15. Bxf5
Nxf5 16. Nd3 h4 17. Ra4 Rc7 18. Rb4 Nf8 19. Nbc5 Qe7 20. Ra1 g3 21. fxg3 hxg3
22. h3 f6 23. Ra3 Nd7 24. Nxd7 Rxd7 25. Rab3 Rc7 26. Nf4 Rg8 27. exf6 Qxf6 28.
Rxb7 Rxb7 29. Rxb7 Nxd4 30. Qb4 Nb5 31. Qc5 e5 32. Nh5 Qe6 33. Ng7+ Rxg7 34.
Rxg7 Qf6 35. Rxg3 Nd4 36. Rg8+ Kd7 37. Qa7+ Kd6 38. Qb8+ Kc5 39. Rf8 Qg5 40. Kh2
Ne2 41. Qb6+ Kd6 42. Qd8+ Qxd8 43. Rxd8+ Kc5 44. h4 e4 45. h5 Nf4 46. h6 e3 47.
h7 Ng6 48. Re8 d4 49. Kg3 1-0

[Event "PRO League Group Stage"]
[Site "chess.com INT"]
[Date "2018.01.18"]
[Round "1"]
[White "Pavasovic, Dusko"]
[Black "Roberson, Peter T"]
[Result "1/2-1/2"]
[WhiteTitle "GM"]
[BlackTitle "IM"]
[WhiteElo "2540"]
[BlackElo "2412"]
[WhiteTeam "Ljubljana Turtles"]
[BlackTeam "London Towers"]
[WhiteFideId "14600986"]
[BlackFideId "412384"]
[EventDate "2018.01.18"]

1. e4 e6 2. d4 d5 3. Nd2 c5 4. exd5 Qxd5 5. Ngf3 cxd4 6. Bc4 Qd6 7. O-O Nf6 8.
Nb3 Nc6 9. Nbxd4 Nxd4 10. Nxd4 a6 11. Bb3 Qc7 12. Qf3 Bd6 13. h3 O-O 14. Bg5 Nd7
15. Rad1 Nc5 16. Rd2 Nxb3 17. axb3 h6 18. Be3 Bc5 19. Rfd1 e5 20. Nf5 Bxe3 21.
Nxe3 Be6 22. Nd5 Bxd5 23. Qxd5 Rac8 24. c3 Rfe8 25. b4 Re7 26. b5 e4 27. Re1
axb5 28. Rxe4 Rxe4 29. Qxe4 Qc6 30. Qxc6 bxc6 31. Rd7 Kf8 32. Kf1 Ra8 33. b4 Ra3
34. Rd3 Ke7 35. Ke2 Ke6 36. Ke3 Ra2 37. g4 g5 38. f4 Rh2 39. Ke4 Re2+ 40. Kf3
Rh2 41. Ke4 Re2+ 42. Kf3 Rh2 43. Ke4 1/2-1/2

[Event "PRO League Group Stage"]
[Site "chess.com INT"]
[Date "2018.01.18"]
[Round "1"]
[White "Pavasovic, Dusko"]
[Black "Rendle, Thomas E"]
[Result "0-1"]
[WhiteTitle "GM"]
[BlackTitle "IM"]
[WhiteElo "2540"]
[BlackElo "2362"]
[WhiteTeam "Ljubljana Turtles"]
[BlackTeam "London Towers"]
[WhiteFideId "14600986"]
[BlackFideId "408760"]
[EventDate "2018.01.18"]

1. e4 e6 2. d4 d5 3. Nd2 Be7 4. Ngf3 Nf6 5. e5 Nfd7 6. Bd3 c5 7. c3 Nc6 8. O-O
g5 9. dxc5 g4 10. Nd4 Ndxe5 11. Bb5 Bd7 12. N2b3 h5 13. Re1 Nxd4 14. Nxd4 Bxb5
15. Nxb5 Ng6 16. b4 Qd7 17. Qd3 e5 18. Bb2 Nf4 19. Qf1 f6 20. Rad1 Kf7 21. c4 d4
22. Bxd4 exd4 23. Rxd4 Qf5 24. Rxe7+ Kxe7 25. Nd6 Qg5 26. Qe1+ Kf8 27. Re4 Ng6
28. Re8+ Kg7 29. Re6 Rhf8 30. g3 h4 31. gxh4 Nxh4 32. Re7+ Kh8 33. Qe4 Qc1+ 0-1

[Event "PRO League Group Stage"]
[Site "chess.com INT"]
[Date "2018.01.18"]
[Round "1"]
[White "Nagle, Sean"]
[Black "Fedoseev, Vladimir3"]
[Result "0-1"]
[WhiteTitle "IM"]
[BlackTitle "GM"]
[WhiteElo "2432"]
[BlackElo "2724"]
[WhiteTeam "Minnesota Blizzard"]
[BlackTeam "Saint Louis Arch Bishops"]
[WhiteFideId "2013878"]
[BlackFideId "24130737"]
[EventDate "2018.01.18"]

1. Nf3 d6 2. d4 Nf6 3. c3 Nc6 4. Bg5 h6 5. Bxf6 exf6 6. e3 Be7 7. g3 d5 8. Bg2
Be6 9. Nbd2 Qd7 10. b4 a5 11. a3 axb4 12. axb4 O-O 13. O-O Na7 14. Qc2 Nb5 15.
Qb2 b6 16. Rfc1 Nd6 17. Ne1 c6 18. Rxa8 Rxa8 19. Ra1 Qb7 20. Ra2 Nb5 21. Rxa8+
Qxa8 22. Bf1 Nd6 23. Bd3 f5 24. Nc2 Ne4 25. Nxe4 fxe4 26. Be2 Qb8 27. Qa3 g5 28.
Qa4 Qc7 29. Qa8+ Kg7 30. Ba6 b5 31. Na1 Bh3 32. Nb3 Qd7 33. Nd2 Qg4 34. f3 exf3
35. Kf2 Qh5 36. Qxc6 Bg4 37. Nf1 Qh3 38. Bxb5 Qg2+ 39. Ke1 Qc2 40. Nd2 Qc1+ 0-1

[Event "PRO League Group Stage"]
[Site "chess.com INT"]
[Date "2018.01.18"]
[Round "1"]
[White "Nagle, Sean"]
[Black "Zherebukh, Yaroslav"]
[Result "0-1"]
[WhiteTitle "IM"]
[BlackTitle "GM"]
[WhiteElo "2432"]
[BlackElo "2636"]
[WhiteTeam "Minnesota Blizzard"]
[BlackTeam "Saint Louis Arch Bishops"]
[WhiteFideId "2013878"]
[BlackFideId "14116804"]
[EventDate "2018.01.18"]

1. Nf3 g6 2. e4 Bg7 3. d4 d6 4. Bc4 Nf6 5. Qe2 O-O 6. e5 Ne8 7. O-O Bg4 8. Bg5
Nc6 9. Rd1 Qc8 10. Bd5 Qf5 11. Bxc6 Qxg5 12. Bxb7 Rb8 13. Qa6 Bxf3 14. Bxf3 dxe5
15. Qxa7 Rxb2 16. a4 Rxc2 17. a5 Nd6 18. Na3 Rb2 19. dxe5 Bxe5 20. Qe3 Qf6 21.
a6 Nf5 22. Qc5 Bd4 23. Qc6 Bxf2+ 24. Kh1 Qh4 25. g4 Ng3+ 26. Kg2 Bc5+ 0-1

[Event "PRO League Group Stage"]
[Site "chess.com INT"]
[Date "2018.01.18"]
[Round "1"]
[White "Saric, Ivan"]
[Black "Ludwig, John"]
[Result "1/2-1/2"]
[WhiteTitle "GM"]
[WhiteElo "2664"]
[BlackElo "2388"]
[WhiteTeam "Montreal Chessbrahs"]
[BlackTeam "Miami Champions"]
[WhiteFideId "14508150"]
[BlackFideId "2075512"]
[EventDate "2018.01.18"]

1. e4 c5 2. Nf3 d6 3. g3 g6 4. Bg2 Bg7 5. O-O Nc6 6. c3 e5 7. d3 Nge7 8. a3 O-O
9. b4 Kh8 10. Bg5 b6 11. b5 Na5 12. c4 f6 13. Bd2 Nb7 14. Nc3 Qd7 15. a4 Nd8 16.
a5 Rb8 17. Ra2 Ne6 18. axb6 axb6 19. Qa1 Bb7 20. Bh3 f5 21. Nd5 Nxd5 22. exd5
Nc7 23. Bc3 Ra8 24. Ra7 Qc8 25. Re1 Qb8 26. Rxa8 Qxa8 27. Qb2 Re8 28. Ng5 Kg8
29. Bg2 h6 30. Nf3 Qd8 31. Nh4 Kh7 32. Ra1 Bf6 33. Ra7 Qb8 34. Qa1 Re7 35. f4
Bxh4 36. fxe5 dxe5 37. gxh4 Ne8 38. Bxe5 Rxe5 39. Rxb7+ Qxb7 40. Qxe5 Qd7 41. d4
Nd6 42. dxc5 bxc5 43. Qe6 Qc7 44. h5 gxh5 45. h4 Nxc4 46. Qxf5+ Kg7 47. Qxh5 Nd6
48. Qe5+ Kg8 49. Qe6+ Kg7 50. h5 Nf7 51. b6 Qb8 52. Qg6+ Kf8 53. Qf6 c4 54. Qd4
c3 55. Qc5+ Kg8 56. Qc7 Qxc7 57. bxc7 Nd6 58. Be4 Kf7 59. Kf1 Ke7 60. Bf5 c2 61.
Bxc2 Kd7 62. Kf2 Kxc7 63. Ke3 Kd7 64. Kf4 Ke7 65. Ke5 Nc4+ 66. Kd4 Nd6 67. Bg6
Kf6 68. Kc5 Ke5 69. Kc6 Nc8 70. Bf7 Ne7+ 71. Kc5 Nf5 72. Bg6 Nd6 73. Kc6 Nc8 74.
Kd7 Nb6+ 75. Ke7 Nxd5+ 76. Kf7 Kf4 77. Kg7 Kg5 78. Kf7 Nf4 79. Be4 Nxh5 80. Ke6
Nf6 81. Bf3 h5 82. Bxh5 Nxh5 1/2-1/2

[Event "PRO League Group Stage"]
[Site "chess.com INT"]
[Date "2018.01.18"]
[Round "1"]
[White "Saric, Ivan"]
[Black "Quesada Perez, Yuniesky"]
[Result "1/2-1/2"]
[WhiteTitle "GM"]
[BlackTitle "GM"]
[WhiteElo "2664"]
[BlackElo "2627"]
[WhiteTeam "Montreal Chessbrahs"]
[BlackTeam "Miami Champions"]
[WhiteFideId "14508150"]
[BlackFideId "3504409"]
[EventDate "2018.01.18"]

1. e4 e5 2. Nf3 Nc6 3. Nc3 Nf6 4. h3 Bb4 5. Bd3 d6 6. O-O a6 7. Nd5 Bc5 8. c3
Ba7 9. Bc2 O-O 10. d4 h6 11. dxe5 Nxe5 12. Nxe5 dxe5 13. Qf3 Nxd5 14. exd5 f5
15. Kh1 Bc5 16. Qg3 Qf6 17. f4 e4 18. Be3 b6 19. Rad1 Bd7 20. b4 Bxe3 21. Qxe3
Qd6 22. Bb3 a5 23. Rd4 axb4 24. cxb4 Bb5 25. Rc1 Kh8 26. Kh2 Rfe8 27. a4 Bxa4
28. Bxa4 Rxa4 29. Rc6 Qe7 30. Qc3 Qh4 31. Qe3 Ra1 32. Re6 Rea8 33. d6 cxd6 34.
Rdxd6 Kh7 35. Rxh6+ Qxh6 36. Rxh6+ Kxh6 37. Qxb6+ Kh7 38. Qe6 Rf8 39. g4 Raa8
40. gxf5 Rae8 41. Qg6+ Kh8 42. f6 gxf6 43. Qh6+ Kg8 44. Kg2 e3 45. Kf1 e2+ 46.
Ke1 Rf7 47. Qg6+ Kf8 48. h4 Re6 49. Qf5 Rfe7 50. Qc5 Re3 51. Qc8+ Kf7 52. Qc4+
Kf8 53. Qc8+ Kf7 54. Qc4+ Kg7 55. Qc5 Kf7 56. Qc4+ 1/2-1/2

[Event "PRO League Group Stage"]
[Site "chess.com INT"]
[Date "2018.01.18"]
[Round "1"]
[White "Kukk, Sander"]
[Black "Kantans, Toms"]
[Result "1-0"]
[BlackTitle "GM"]
[WhiteElo "2178"]
[BlackElo "2478"]
[WhiteTeam "Estonia Horses"]
[BlackTeam "Riga Magicians"]
[WhiteFideId "4502094"]
[BlackFideId "11602945"]
[EventDate "2018.01.18"]

1. b3 Nf6 2. Bb2 g6 3. e3 Bg7 4. Nf3 O-O 5. d4 d5 6. Nbd2 a5 7. a3 c6 8. c4 Bf5
9. Be2 Nbd7 10. cxd5 cxd5 11. O-O Rc8 12. Rc1 Qb6 13. Ne5 h5 14. h3 Rfd8 15. f4
Rxc1 16. Qxc1 Nxe5 17. fxe5 Ne4 18. Nxe4 Bxe4 19. Qc3 Bh6 20. a4 Rd7 21. Bd1 Rc7
22. Qd2 Qb4 23. Qf2 e6 24. Kh2 Bd3 25. Rg1 h4 26. Qxh4 Bxe3 27. Qd8+ Kg7 28.
Qxc7 Bxg1+ 29. Kxg1 Qe1+ 30. Kh2 Qxd1 31. Qe7 Qf1 32. Qg5 Qf5 33. Qg3 Bc2 34.
Bc1 Qf1 35. Bg5 Be4 36. Bd8 Kf8 37. Bxa5 Qd3 38. Qh4 Qxd4 39. Qh8+ Ke7 40. Qd8# 1-0

[Event "PRO League Group Stage"]
[Site "chess.com INT"]
[Date "2018.01.18"]
[Round "1"]
[White "Kukk, Sander"]
[Black "Studer, Noel"]
[Result "0-1"]
[BlackTitle "GM"]
[WhiteElo "2178"]
[BlackElo "2476"]
[WhiteTeam "Estonia Horses"]
[BlackTeam "Riga Magicians"]
[WhiteFideId "4502094"]
[BlackFideId "1319620"]
[EventDate "2018.01.18"]

1. b3 d5 2. e3 e5 3. Bb2 Nd7 4. c4 c6 5. cxd5 cxd5 6. Bb5 Bd6 7. f4 d4 8. fxe5
Bxe5 9. Nf3 Bf6 10. Nxd4 a6 11. Be2 Ne7 12. O-O O-O 13. Na3 b5 14. Bf3 Rb8 15.
Nac2 Ne5 16. Nb4 a5 17. Nbc2 Nd3 18. Rb1 Nxb2 19. Rxb2 b4 20. Rb1 Ba6 21. Be2
Bb7 22. Bd3 Ng6 23. Qh5 Re8 24. Rf2 Re5 25. Rf5 Qd5 26. Qh3 Rxf5 27. Bxf5 Nh4
28. Rf1 Qxg2+ 29. Qxg2 Bxg2 30. Rf4 Ba8 31. Bd3 Rd8 32. Bc4 Ng6 33. Rf1 Ne5 34.
Be2 Be4 35. Ne1 Ng6 36. Bf3 Bb1 37. Ng2 Bxa2 38. Nc6 Rxd2 39. Nxa5 Bc3 40. Bc6
Ne5 41. Bb5 Rd5 42. Ra1 Bxa1 0-1